Tam Quốc diễn nghĩa
Na minha lista:
| Autor principal: | |
|---|---|
| Formato: | Livro |
| Publicado em: |
H.
Văn học
2003
|
| Tags: |
Adicionar Tag
Sem tags, seja o primeiro a adicionar uma tag!
|
| Thư viện lưu trữ: | Mạng thư viện Đại học Đà Nẵng |
|---|
| LEADER | 00841nam a2200265 4500 | ||
|---|---|---|---|
| 001 | 000004978 | ||
| 003 | 1120 | ||
| 005 | 20150812140828.0 | ||
| 008 | 110805s2003 sd | ||
| 082 | 1 | |a Tam quốc diễn nghĩa | |
| 100 | 0 | |a La Quán Trung | |
| 245 | 0 | 0 | |a Tam Quốc diễn nghĩa |c La Quán Trung ; Dịch giả: Phan Kế Bính |
| 260 | |a H. |b Văn học |c 2003 | ||
| 300 | |a 743 tr. |c 19 cm. | ||
| 774 | |a La Quán Trung |d Văn học |d H. |d 2003 |g T.1 |h 743 tr. |w 1123 | ||
| 774 | |a La Quán Trung |d Văn học |d H. |d 2003 |g T.2 |h 675 tr. |w 1124 | ||
| 774 | |a La Quán Trung |d Văn học |d H. |d 2003 |g T.3 |h 707 tr. |w 1126 | ||
| OWN | |a LSP | ||
| 999 | |a From the UDN01 | ||
| TYP | |a Monograph | ||
| TYP | |a Printed language | ||
| 980 | |a Mạng thư viện Đại học Đà Nẵng | ||